[Event "Forchheim op-B 15th"]
[Site "Forchheim"]
[Date "2016.10.02"]
[Round "4"]
[White "Manco, Michela"]
[Black "Juelg, Gabriel"]
[Result "0-1"]
[WhiteElo "1665"]
[BlackElo "1821"]
[PlyCount "104"]
[EventDate "2016.10.01"]
[EventType "swiss"]
[EventRounds "5"]
[EventCountry "GER"]
[SourceTitle "EXT 2019"]
[Source "ChessBase"]
[SourceDate "2018.10.10"]
[SourceVersion "1"]
[SourceVersionDate "2018.10.10"]
[SourceQuality "1"]

1. e4 c5 2. c3 d5 3. exd5 Qxd5 4. d4 cxd4 5. cxd4 Nf6 6. Nc3 Qd8 7. Nf3 Bg4 8. Be2 e6 9. 0-0 Be7 10. Be3 0-0 11. h3 Bf5 12. Ne5 Nc6 13. Nxc6 bxc6 14. Bf3 Qc7 15. Rc1 Rab8 16. Qe2 Qb7 17. Bf4 Rfd8 18. Rfd1 Bd6 19. Be5 Nd5 20. Rd2 Nf4 21. Qe3 Bxe5 22. dxe5 Rxd2 23. Qxd2 Nd3 24. Rf1 Nxb2 25. Qd6 Rc8 26. Ne2 Nc4 27. Qd4 Nb6 28. Re1 Nd5 29. Qa4 g6 30. Nd4 c5 31. Nb3 Qb6 32. Qc4 Nb4 33. g4 Bd3 34. Qc3 c4 35. Qb2 Qa6 36. Nc5 Qa5 37. a3 Qxc5 38. axb4 Qb5 39. Qd4 a6 40. Qd6 Rb8 41. Kg2 Qb6 42. Ra1 Qxd6 43. exd6 Rd8 44. Rxa6 c3 45. Ra1 Rxd6 46. Rc1 c2 47. b5 Kf8 48. Bc6 Ke7 49. f3 f5 50. Kg3 e5 51. g5 Rd4 52. h4 Rb4 0-1

[Event "Baden-ch U14"]
[Site "Karlsruhe"]
[Date "2014.01.03"]
[Round "3"]
[White "Wiesner, Alexander"]
[Black "Juelg, Gabriel"]
[Result "1/2-1/2"]
[WhiteElo "1728"]
[BlackElo "1604"]
[PlyCount "52"]
[EventDate "2014.01.??"]
[EventType "swiss"]
[EventRounds "7"]
[EventCountry "GER"]
[SourceTitle "EXT 2022"]
[Source "ChessBase"]
[SourceDate "2021.10.06"]
[SourceVersion "1"]
[SourceVersionDate "2021.10.06"]
[SourceQuality "1"]

1. d4 f5 2. c4 Nf6 3. Nf3 e6 4. a3 d5 5. Bf4 c6 6. e3 Bd6 7. Bxd6 Qxd6 8. Nc3 Nbd7 9. Be2 0-0 10. 0-0 Ne4 11. Nxe4 fxe4 12. Nd2 e5 13. dxe5 Qxe5 14. b4 Nf6 15. Nb3 Qg5 16. Kh1 Ng4 17. Bxg4 Bxg4 18. Qd2 Rf6 19. cxd5 Qh4 20. f4 exf3 21. g3 Qh5 22. dxc6 f2 23. Rxf2 Rxf2 24. Qxf2 Qd5+ 25. Kg1 Qxb3 26. cxb7 Rd8 1/2-1/2